[Event "Hannover-chA"]
[Site "Lehrte"]
[Date "2008.10.12"]
[Round "4"]
[White "Lieberum, Bodo"]
[Black "Huelsz, Rainer"]
[Result "1/2-1/2"]
[WhiteElo "1413"]
[BlackElo "1366"]
[PlyCount "38"]
[EventDate "2008.10.11"]
[EventType "swiss"]
[EventRounds "7"]
[EventCountry "GER"]
[SourceTitle "EXT 2021"]
[Source "ChessBase"]
[SourceDate "2020.10.23"]
[SourceVersion "1"]
[SourceVersionDate "2020.10.23"]
[SourceQuality "1"]

1. e4 g6 2. Bc4 e6 3. a3 Bg7 4. d3 Ne7 5. Qf3 0-0 6. Ne2 a6 7. 0-0 b5 8. Ba2 Bb7 9. Ng3 f5 10. Qe2 fxe4 11. Nxe4 Nf5 12. Bg5 Ne7 13. Nbc3 h6 14. Bxe7 Qxe7 15. d4 Rf5 16. d5 Bxc3 17. Nxc3 Qg5 18. h3 Bxd5 19. Nxd5 Rxd5 1/2-1/2

[Event "Hannover-chA"]
[Site "Lehrte"]
[Date "2008.10.11"]
[Round "1"]
[White "Huelsz, Rainer"]
[Black "Daehn, Patrick"]
[Result "0-1"]
[WhiteElo "1366"]
[BlackElo "1173"]
[PlyCount "72"]
[EventDate "2008.10.11"]
[EventType "swiss"]
[EventRounds "7"]
[EventCountry "GER"]
[SourceTitle "EXT 2021"]
[Source "ChessBase"]
[SourceDate "2020.10.23"]
[SourceVersion "1"]
[SourceVersionDate "2020.10.23"]
[SourceQuality "1"]

1. e4 e5 2. Nf3 Nc6 3. Bb5 Nd4 4. Nc3 Bb4 5. a3 Bxc3 6. dxc3 Nxb5 7. Nxe5 Nf6 8. Qf3 Qe7 9. Qg3 b6 10. Bg5 Nxe4 11. Bxe7 Nxg3 12. Bb4 Nf5 13. g4 Nh4 14. 0-0 c5 15. c4 Nd4 16. Be1 Ne2+ 17. Kh1 Bb7+ 18. f3 f6 19. Bxh4 fxe5 20. Rf2 0-0 21. Kg2 Nd4 22. c3 Nxf3 23. Kg3 e4 24. Rd1 g5 25. Bxg5 Nxg5 26. Rxd7 Rxf2 27. Kxf2 Ba6 28. b3 b5 29. cxb5 Bxb5 30. Rd5 Ne6 31. Re5 Rf8+ 32. Ke3 Ng7 33. Rxc5 Bd3 34. Rc7 a6 35. c4 Rf3+ 36. Kd4 Ne6+ 0-1

[Event "Hannover-chA"]
[Site "Bueckeburg"]
[Date "2007.11.02"]
[Round "4"]
[White "Lueer, Rainer"]
[Black "Huelsz, Rainer"]
[Result "0-1"]
[WhiteElo "1387"]
[BlackElo "1369"]
[PlyCount "65"]
[EventDate "2007.11.01"]
[EventType "swiss"]
[EventRounds "7"]
[EventCountry "GER"]
[SourceTitle "EXT 2021"]
[Source "ChessBase"]
[SourceDate "2020.10.23"]
[SourceVersion "1"]
[SourceVersionDate "2020.10.23"]
[SourceQuality "1"]

1. d4 e6 2. e4 d5 3. e5 f6 4. Nf3 c5 5. c3 Nc6 6. Bb5 Bd7 7. 0-0 fxe5 8. Bxc6 Bxc6 9. Nxe5 cxd4 10. Qh5+ g6 11. Nxg6 Nf6 12. Bg5 Nxh5 13. Bxd8 hxg6 14. Bg5 dxc3 15. Nxc3 Be7 16. Bxe7 Kxe7 17. Rfe1 Nf4 18. Rad1 Rad8 19. Rd4 g5 20. a4 Ng6 21. b4 Rh4 22. g4 Nf4 23. b5 Rxg4+ 24. Kf1 Rh8 25. bxc6 bxc6 26. Ne2 c5 27. Rd2 Rxh2 28. Nxf4 Rh1+ 29. Ke2 Rxe1+ 30. Kxe1 gxf4 31. f3 Rh4 32. Rg2 Kf6 33. Kd2 0-1

[Event "Hannover-chA"]
[Site "Bueckeburg"]
[Date "2007.11.01"]
[Round "1"]
[White "Huelsz, Rainer"]
[Black "Daehn, Patrick"]
[Result "1-0"]
[WhiteElo "1369"]
[BlackElo "1155"]
[PlyCount "93"]
[EventDate "2007.11.01"]
[EventType "swiss"]
[EventRounds "7"]
[EventCountry "GER"]
[SourceTitle "EXT 2021"]
[Source "ChessBase"]
[SourceDate "2020.10.23"]
[SourceVersion "1"]
[SourceVersionDate "2020.10.23"]
[SourceQuality "1"]

1. e4 c5 2. Nf3 Nc6 3. Bc4 e6 4. 0-0 Bd6 5. Re1 f6 6. d4 Nge7 7. d5 exd5 8. Bxd5 Nxd5 9. exd5+ Ne5 10. Nxe5 fxe5 11. f4 0-0 12. fxe5 Bc7 13. d6 Ba5 14. Bd2 Bb6 15. c4 Qh4 16. Rf1 Re8 17. Bf4 Ba5 18. Na3 Bb4 19. Nb5 Rf8 20. g3 Qh3 21. Qd5+ Qe6 22. Qxe6+ dxe6 23. a3 Ba5 24. Rad1 Bd7 25. Bg5 a6 26. Nc7 Rac8 27. Rxf8+ Rxf8 28. Rf1 Rc8 29. Be7 Bxc7 30. dxc7 h6 31. Bd8 Ba4 32. Rf3 b5 33. b3 b4 34. bxa4 a5 35. axb4 cxb4 36. Kf2 Ra8 37. Ke2 Rc8 38. Kd2 Ra8 39. Kc2 Rc8 40. Kb3 Ra8 41. Rd3 Kf7 42. Rd6 Rc8 43. Rb6 Ke8 44. Rb8 Kd7 45. c5 Rxc7 46. Bxc7 Kxc7 47. Rb5 1-0

[Event "Hannover-ch op"]
[Site "Hannover"]
[Date "2003.10.26"]
[Round "7"]
[White "Huelsz, Rainer"]
[Black "Soechtig, Rudolf"]
[Result "0-1"]
[WhiteElo "1331"]
[BlackElo "1603"]
[PlyCount "84"]
[EventDate "2003.10.23"]
[EventType "swiss"]
[EventRounds "7"]
[EventCountry "GER"]
[SourceTitle "EXT 2021"]
[Source "ChessBase"]
[SourceDate "2020.10.23"]
[SourceVersion "1"]
[SourceVersionDate "2020.10.23"]
[SourceQuality "1"]

1. e4 c5 2. Nf3 d6 3. Bb5+ Bd7 4. Bxd7+ Nxd7 5. 0-0 e6 6. Re1 Qc7 7. c3 g6 8. d4 cxd4 9. cxd4 Bg7 10. Nc3 Ne7 11. Be3 a6 12. Qd2 h6 13. Rac1 Qb8 14. Rc2 g5 15. h3 b5 16. a3 Nb6 17. b3 d5 18. e5 Nf5 19. g4 Nxe3 20. Qxe3 Bf8 21. Nb1 Be7 22. Rec1 0-0 23. Nfd2 Rd8 24. f4 gxf4 25. Qxf4 Bg5 26. Qf2 Kh7 27. Rf1 Ra7 28. Nf3 Rg8 29. Nxg5+ Rxg5 30. Qe3 Qg8 31. Rcf2 Qg6 32. Rf6 Qg8 33. Nd2 Rg7 34. Qd3+ Rg6 35. Kg2 Kg7 36. Kg3 h5 37. Rxg6+ fxg6 38. Rf6 Qe8 39. g5 Nd7 40. Rf1 Rc7 41. h4 Qc8 42. Qf3 Rc3 0-1

[Event "Hannover-ch op"]
[Site "Hannover"]
[Date "2003.10.24"]
[Round "4"]
[White "Lick, Helmut"]
[Black "Huelsz, Rainer"]
[Result "0-1"]
[WhiteElo "1613"]
[BlackElo "1331"]
[PlyCount "96"]
[EventDate "2003.10.23"]
[EventType "swiss"]
[EventRounds "7"]
[EventCountry "GER"]
[SourceTitle "EXT 2021"]
[Source "ChessBase"]
[SourceDate "2020.10.23"]
[SourceVersion "1"]
[SourceVersionDate "2020.10.23"]
[SourceQuality "1"]

1. d4 e6 2. c4 Nf6 3. Nc3 Bb4 4. a3 Bxc3+ 5. bxc3 h6 6. Nf3 d6 7. Qc2 0-0 8. e4 c5 9. Bd3 Qc7 10. 0-0 e5 11. h3 Nc6 12. d5 Ne7 13. Qe2 Ng6 14. Nh2 Bd7 15. f4 exf4 16. Bxf4 Nxf4 17. Rxf4 Rae8 18. g4 Nh7 19. Nf1 Ng5 20. Kh2 f6 21. Ng3 Re7 22. h4 Nf7 23. Nf5 Bxf5 24. gxf5 Ne5 25. Rg1 Rff7 26. Rf2 Qa5 27. Qd2 Kh8 28. Be2 Rd7 29. Rfg2 Qd8 30. Bh5 Rfe7 31. Qe2 Qf8 32. Qf1 Rc7 33. Be2 b6 34. h5 Qf7 35. Rxg7 Qxg7 36. Rxg7 Rxg7 37. a4 a5 38. Qb1 Rb7 39. Kh3 Rb8 40. Qc1 Rg5 41. Qf1 Rbg8 42. Qf2 Rg1 43. Kh2 R1g5 44. Kh3 R8g7 45. Kh2 Ng4+ 46. Bxg4 Rxg4 47. Qe1 R7g5 48. Kh3 Rg1 0-1

[Event "Leipzig VfB op 10th"]
[Site "Leipzig"]
[Date "2003.03.13"]
[Round "5"]
[White "Markowski, Erhard"]
[Black "Huelsz, Rainer"]
[Result "1/2-1/2"]
[WhiteElo "1780"]
[BlackElo "1600"]
[PlyCount "132"]
[EventDate "2003.03.11"]
[EventType "swiss"]
[EventRounds "9"]
[EventCountry "GER"]
[SourceTitle "EXT 2008"]
[Source "ChessBase"]
[SourceDate "2007.11.25"]
[SourceVersion "1"]
[SourceVersionDate "2007.11.25"]
[SourceQuality "1"]

1. c4 g6 2. Nc3 Bg7 3. g3 c6 4. e4 e6 5. Bg2 Ne7 6. d4 0-0 7. Nge2 h6 8. Be3 f5 9. Qd2 Kh7 10. 0-0-0 fxe4 11. d5 exd5 12. cxd5 Qa5 13. Nd4 cxd5 14. Nb3 Qd8 15. Nxd5 Nxd5 16. Qxd5 Nc6 17. Kb1 Qf6 18. Rd2 Ne7 19. Qxe4 d5 20. Qb4 Nc6 21. Qc5 Bf5+ 22. Ka1 Be4 23. Bxe4 dxe4 24. Rhd1 Rad8 25. Qc2 Rxd2 26. Bxd2 Rd8 27. Bc3 Rxd1+ 28. Qxd1 Qf3 29. Qxf3 exf3 30. Kb1 Bxc3 31. bxc3 Ne5 32. Nd2 g5 33. h3 h5 34. Kc2 Kg6 35. c4 Kf5 36. Kc3 g4 37. h4 Nc6 38. c5 Ke5 39. Kc4 Nd4 40. Nb3 Nc6 41. Nc1 Ke4 42. Nd3 Na5+ 43. Kc3 Kd5 44. Kb4 Nc6+ 45. Kc3 Nd4 46. Nf4+ Kxc5 47. Nxh5 Ne2+ 48. Kd2 Kd5 49. Nf6+ Ke5 50. Nxg4+ Kf5 51. Ne3+ Kg6 52. Nc4 Kh5 53. Nd6 b6 54. Nc8 Kg4 55. Ke3 Nxg3 56. Nxa7 Nf5+ 57. Ke4 Nxh4 58. Nc6 Ng6 59. a4 Nh4 60. Ne5+ Kg5 61. Nd7 Kg4 62. Nxb6 Kh3 63. a5 Kg2 64. a6 Kxf2 65. a7 Kg1 66. a8Q f2 1/2-1/2

[Event "Leipzig VfB op 10th"]
[Site "Leipzig"]
[Date "2003.03.12"]
[Round "2"]
[White "Huelsz, Rainer"]
[Black "Just, Gabriele"]
[Result "0-1"]
[WhiteElo "1600"]
[BlackElo "2015"]
[PlyCount "68"]
[EventDate "2003.03.11"]
[EventType "swiss"]
[EventRounds "9"]
[EventCountry "GER"]
[SourceTitle "EXT 2008"]
[Source "ChessBase"]
[SourceDate "2007.11.25"]
[SourceVersion "1"]
[SourceVersionDate "2007.11.25"]
[SourceQuality "1"]

1. e4 e6 2. d4 d5 3. exd5 exd5 4. Nf3 Bd6 5. Bd3 Ne7 6. 0-0 Bg4 7. h3 Bh5 8. Be3 Nbc6 9. Nbd2 Qd7 10. c4 dxc4 11. Bxc4 0-0-0 12. Qb3 Na5 13. Qc3 Nxc4 14. Qxc4 Nd5 15. Rfe1 h6 16. Rac1 c6 17. Ne5 Bxe5 18. dxe5 Nxe3 19. Rxe3 Qxd2 20. e6 fxe6 21. Qxe6+ Qd7 22. Rce1 Qxe6 23. Rxe6 Rd7 24. g4 Bf7 25. Re7 Bxa2 26. Rxd7 Kxd7 27. Ra1 Bd5 28. Rxa7 c5 29. Ra3 Re8 30. Re3 Rxe3 31. fxe3 g5 32. Kf2 Ke6 33. Kg3 Ke5 34. h4 Ke4 0-1